Statistics for Biggest Asian cities on the Coast on a Map

Click here to take the quiz!

General Stats

  • This quiz has been taken 1,063 times
  • The average score is 24 of 32

Answers on the Map

Answers color-coded by a green-red scale on the quiz's map according to % correct below.
 

Answer Stats

Pop.City% Correct
40.0 milTokyo
99%
16.0 milIstanbul
98%
5.3 milDubai
97%
31.3 milJakarta
97%
25.7 milManila
97%
18.8 milBangkok
96%
25.1 milMumbai
96%
33.6 milShanghai
96%
7.9 milSingapore
95%
4.7 milKuwait City
93%
17.7 milOsaka
93%
4.7 milColombo
92%
7.5 milHongkong
92%
17.8 milKarachi
92%
9.1 milTaipei
92%
4.9 milJeddah
86%
4.1 milBusan
82%
11.3 milChennai
82%
3.0 milIzmir
81%
10.5 milNagoya
75%
12.7 milTianjin
74%
4.9 milChittagong
69%
10.0 milXiamen
64%
6.1 milSurabaya
61%
2.7 milCebu
55%
6.1 milQingdao
53%
2.7 milFukuoka
52%
4.5 milDalian
46%
2.7 milKaohsiung
37%
5.3 milWenzhou
32%
7.6 milShantou
31%
3.2 milNingbo
26%

Score Distribution

Percentile by Number Answered

Percent of People with Each Score

Your Score History

You have not taken this quiz